| 000 | 01179nam a2200265Ma 4500 | ||
|---|---|---|---|
| 001 | classicalmytholo00maye | ||
| 003 | CaSfIA | ||
| 005 | 20210117224318.0 | ||
| 007 | cr|||| | ||
| 008 | 040912s1971 nyu 000 0 eng d | ||
| 010 | _a 77138393 | ||
| 040 |
_aIL4I4 _beng _cIL4I4 _dCaSfIA |
||
| 020 | _a0536003653 | ||
| 020 | _a9780536003652 | ||
| 035 | _a(OCoLC)610532282 | ||
| 100 | 1 | _aMayerson, Philip. | |
| 245 | 1 | 0 |
_aClassical mythology in literature, art, and music. _h[electronic resource] |
| 260 |
_aNew York : _bXerox Corporation, _c1971. |
||
| 300 |
_axi, 509 p. : _billus., genealog. tbls., map. |
||
| 856 | 4 | 1 |
_uhttp://www.archive.org/details/classicalmytholo00maye _zFree eBook from the Internet Archive |
| 856 | 4 | 2 |
_uhttp://www.openlibrary.org/books/OL4577025M _zAdditional information and access via Open Library |
| 942 | _cEB | ||
| 506 | _fНеобхідна авторизація на https://archive.org/ (створення облікового запису безкоштовно) | ||
| 506 | _fНеобхідна авторизація на https://openlibrary.org/ (створення облікового запису безкоштовно) | ||
| 999 |
_c481442 _d481442 |
||